Normal view
MARC view
- Application software
Entry Topical Term
001 - CONTROL NUMBER
- control field: 94912
003 - CONTROL NUMBER IDENTIFIER
- control field: NUST
005 - DATE AND TIME OF LATEST TRANSACTION
- control field: 20220725140427.0
008 - FIXED-LENGTH DATA ELEMENTS
- fixed length control field: 220725|| aca||aabn | a|a d
040 ## - CATALOGING SOURCE
- Original cataloging agency: NUST
- Transcribing agency: NUST
150 ## - HEADING--TOPICAL TERM
- Topical term or geographic name entry element: Application software
670 ## - SOURCE DATA FOUND
- Source citation: Work cat.: (NUST)176173: Safdie, Robert. 94911, Microcomputer applications and concepts :, c1992.
